| 000 | 00531nam a2200181 a 4500 | ||
|---|---|---|---|
| 005 | 20221123063725.0 | ||
| 008 | 991125s1979 es 000 0 spa u | ||
| 035 | _aUPN01000002856 | ||
| 049 | _aCG | ||
| 050 | 4 |
_aBF105 _bL3.38 |
|
| 100 | 1 |
_aLapassade, Georges, _d1924-2008 _928945 |
|
| 245 | 1 | 3 |
_aEl analizador y el analista / _cGeorges Lapassade ; tr. Hugo Acevedo. |
| 260 |
_aBarcelona [Esp.] : _bGedisa, _c1979. |
||
| 300 | _a246 p. | ||
| 440 | 0 | _aHombre y sociedad | |
| 650 | 4 |
_aPsicologĂa _xMetodologĂa _95866 |
|
| 905 | _aLibro | ||
| 999 |
_c2856 _d2856 |
||